| 000 | 00377nam a22001697a 4500 | ||
|---|---|---|---|
| 003 | OSt | ||
| 005 | 20260224162437.0 | ||
| 008 | 260224b |||||||| |||| 00| 0 eng d | ||
| 040 | _cFLL | ||
| 041 |
_aENG _dENG |
||
| 100 | _aSINGH, AVTAR | ||
| 245 | _aCONTRACT & SPECIFIC RELIEF | ||
| 250 | _a13th | ||
| 260 |
_aLUCKNOW _bEBC _c2017 |
||
| 300 | _a656 | ||
| 942 |
_2CC _cTB _n0 |
||
| 999 |
_c1680175 _d1680175 |
||